Collective Productivity Bargaining in India/ (Record no. 188526)

MARC details
000 -LEADER
fixed length control field 00557nam a22001817a 4500
005 - DATE AND TIME OF LATEST TRANSACTION
control field 20240222122348.0
010 ## - LCCN (DPL NO)
LC control number ENG-132823
020 ## - INTERNATIONAL STANDARD BOOK NUMBER
Terms of availability 75.00
International Standard Book Number 978-81-88787-17-3
035 ## - SYSTEM CONTROL NUMBER
System control number EN-116355
037 ## - SOURCE OF ACQUISITION
Source of stock number/acquisition DBAD/PUB
082 ## - DEWEY DECIMAL CLASSIFICATION NUMBER
Classification number 331.0954
100 ## - MAIN ENTRY--PERSONAL NAME
Personal name MU. Arumugam
245 ## - TITLE STATEMENT
Title Collective Productivity Bargaining in India/
Statement of responsibility, etc By MU. Arumugam
260 ## - PUBLICATION, DISTRIBUTION, ETC. (IMPRINT)
Place of publication, distribution, etc Chennai
Name of publisher, distributor, etc Sudaroli Pathipagam
270 ## - ADDRESS
Address A-3,99, Panchali Amman Koil Street, Arumbakkam
City Chennai
Postal code 106
300 ## - PHYSICAL DESCRIPTION
Extent 102
Dimensions 22cm(pbk)
942 ## - ADDED ENTRY ELEMENTS (KOHA)
Source of classification or shelving scheme Dewey Decimal Classification
Item type English Books
Classification part 331.0954
Call number suffix MUA
Holdings
Withdrawn status Lost status Not for loan Collection code Home library Current library Date acquired Source of acquisition Cost, normal purchase price Full call number Barcode Copy number Cost, replacement price Koha item type
      Non-fiction Tri Nagar Tri Nagar 25/05/2022 DBAD/PUB 75.00 331.0954 MUA EN-116355 1 75.00 English Books

© Delhi Public Library
Hit Counter
free hit counter